Štruktúra kurikula a pilotné overovanie nových kurzov pre doktorandov a začínajúcich odborných asistentov na EBA ako intelektuálny výstup projektu HOSUED

Opis projektu HOSUED, jeho hlavné ciele a plánované intelektuálne výstupy. Zameranie na prvý pilier navrhovaného systému profesijného rozvoja učiteľov vysokej školy: trojúrovňový model pedagogických kurzov a workshopov pre vysokoškolských učiteľov s rôznou mierou pedagogickej praxe.

Saved in:
Bibliographic Details
Main Author: Novák, Jaromír, 1978-
Format: Book Chapter
Language:Slovak
Subjects:
Tags: Add Tag
No Tags, Be the first to tag this record!

MARC

LEADER 00000naa$a2200000$$$4500
001 0286778
005 20250321103232.7
041 0 |a slo 
044 |a SK 
245 1 0 |a Štruktúra kurikula a pilotné overovanie nových kurzov pre doktorandov a začínajúcich odborných asistentov na EBA ako intelektuálny výstup projektu HOSUED  |c Jaromír Novák 
520 |a Opis projektu HOSUED, jeho hlavné ciele a plánované intelektuálne výstupy. Zameranie na prvý pilier navrhovaného systému profesijného rozvoja učiteľov vysokej školy: trojúrovňový model pedagogických kurzov a workshopov pre vysokoškolských učiteľov s rôznou mierou pedagogickej praxe. 
610 2 0 |a vyučovanie 
610 2 0 |a rozvoj profesijný 
610 2 0 |a učitelia 
610 2 0 |a pedagogika 
610 2 0 |a kurikulum 
100 1 |a Novák, Jaromír, 1978-